000 00791nam a22002177a 4500
005 20241017093545.0
008 241011b |||||||| |||| 00| 0 eng d
020 _a9798214135625
082 _aDC 302.23 St826 2025
100 _aStraubhaar, Joseph.
_962783
245 _aMedia now :
_bunderstanding media, culture, and technology /
_cJoseph Straubhaar, Robert LaRose, and Lucinda Davenport.
250 _aEleventh edition.
260 _aUSA :
_bCengage,
_c©2025.
300 _axxi, 618 pages :
_billustrations (some color) ;
_c27 cm.
500 _aIncludes glossary, references, and index.
650 0 _aMass media.
_911861
650 0 _aMass media and culture.
_963096
700 _aLaRose, Robert.
_962786
_eauthor.
700 _aDavenport, Lucinda.
_962787
_eauthor.
942 _2ddc
_cDC
999 _c22487
_d22487